000 00768nam a2200253Ia 4500
003 OSt
005 20220923224320.0
006 a|||||r|||| 00| 0
007 ta
008 220922b |||||||| |||| 00| 0 hin d
024 _a231,027
037 _cTextual
040 _aARTS
_cARTS
_bhin
041 _2hin
_ahin
082 _aU8.4g7H, 152M7
100 _aजगन सिंह
245 0 _aहिमालय के साथ साथ
246 _aHimālaya ke sāth sātha
260 _aदिल्ली
_b प्रसंगिक प्रकाशन
_c1987
300 _a158पृ.
_ccm.
650 _aभारतीय-भूगोल
942 _hU8.4g7H, 152M7
_cTEXL
_2CC
999 _c370581
_d370581